[Event "DM G5 Grp1 2025"]
[Site "Svendborg"]
[Date "2025.04.14"]
[Round "3"]
[White "Jorgensen, Palle Halkier"]
[Black "Jacobsen, Hans Endrup"]
[Result "0-1"]
[WhiteElo "1876"]
[BlackElo "1922"]
[WhiteFideId "1440276"]
[BlackFideId "1406841"]
[EventDate "2025.04.12"]
[EventType "swiss"]
[EventRounds "5"]
[EventCountry "DEN"]
[SourceTitle "Live v. Kasper Jerwiarz"]

1. c4 e5 2. g3 Nc6 3. Bg2 Bc5 4. Nc3 a6 5. d3 d6 6. Nf3 Bg4 7. a3 f5 8. Bd2 Nf6 9. b4 Ba7 10. b5 axb5 11. cxb5 Ne7 12. Qb3 h6 13. Be3 Bxe3 14. fxe3 Bh5 15. Qb2 O-O 16. O-O Ng4 17. Qd2 Qc8 18. a4 b6 19. Ne1 Ra5 20. Nc2 Be8 21. Na3 Bf7 22. Nc4 Ra7 23. Rfc1 d5 24. Nb2 d4 25. Ncd1 Bd5 26. Bxd5+ Nxd5 27. exd4 exd4 28. Nc4 Qe6 29. Qb2 Qf6 30. h3 f4 31. e4 fxe3 32. Qe2 Ne5 33. Ncxe3 dxe3 34. Nxe3 Nf3+ 35. Kg2 Nd4 36. Nxd5 Nxe2 37. Nxf6+ Rxf6 38. Rc4 Rd6 39. Re1 Nd4 40. Re7 Ne6 41. Re4 Nc5 42. Rf4 Rxa4 43. Rff7 Ne6 44. h4 Rad4 45. Rf3 R4d5 46. Re3 Nc5 47. Rxc7 Rxd3 48. Re8+ Kh7 49. Rcc8 h5 50. Rb8 Rb3 51. Re5 Rxb5 52. Rxh5+ Kg6 53. Rg5+ Kf7 54. Kh3 Ra5 55. Rf5+ Rf6 56. Rxf6+ gxf6 57. Rxb6 Nd3 58. Rb3 Nf2+ 59. Kg2 Ng4 60. Kh3 Ra4 61. Rb5 Ne5 62. Rb3 Kg6 63. Rb6 Rc4 64. h5+ Kg5 65. h6 Rc7 66. Rb4 Rh7 67. Kg2 Rxh6 68. Rf4 Rh7 69. Ra4 Rc7 70. Kh3 Rc5 71. Rf4 Rc4 72. Rf2 Rc3 73. Rf4 Rc2 74. Rf1 Ng4 0-1

[Event "DM G5 Grp1 2025"]
[Site "Svendborg"]
[Date "2025.04.14"]
[Round "3"]
[White "Hanuscheck, Jorgen Peter"]
[Black "Gregor, Bjarke"]
[Result "0-1"]
[WhiteElo "1761"]
[BlackElo "2063"]
[WhiteFideId "1462512"]
[BlackFideId "1423401"]
[EventDate "2025.04.12"]
[EventType "swiss"]
[EventRounds "5"]
[EventCountry "DEN"]
[SourceTitle "Live v. Kasper Jerwiarz"]

1. c4 e6 2. d4 d5 3. cxd5 exd5 4. Bf4 Nf6 5. Nf3 c6 6. e3 Bb4+ 7. Nbd2 Bg4 8. Be2 Nbd7 9. O-O O-O 10. a3 Be7 11. Re1 Re8 12. Ne5 Bxe2 13. Qxe2 Nxe5 14. Bxe5 Nd7 15. Bg3 Bf6 16. Nb3 b6 17. Rac1 Re6 18. Rc2 a5 19. a4 Be7 20. Rec1 c5 21. dxc5 bxc5 22. Qd2 c4 23. Nd4 Rg6 24. Nf5 Nf6 25. Nxe7+ Qxe7 26. Bh4 Qe4 27. Bxf6 Qxg2# 0-1

[Event "DM G5 Grp1 2025"]
[Site "Svendborg"]
[Date "2025.04.14"]
[Round "3"]
[White "Gregor, Jan"]
[Black "Mosegaard, Klaus"]
[Result "0-1"]
[WhiteElo "1711"]
[BlackElo "1871"]
[WhiteFideId "1435329"]
[BlackFideId "1441710"]
[EventDate "2025.04.12"]
[EventType "swiss"]
[EventRounds "5"]
[EventCountry "DEN"]
[SourceTitle "Live v. Kasper Jerwiarz"]

1. e4 c5 2. Nf3 e6 3. d4 cxd4 4. Nxd4 a6 5. Be2 Nf6 6. Nc3 Qc7 7. Bg5 Bb4 8. Qd3 Nxe4 9. Bd2 Nxd2 10. Qxd2 b5 11. a3 Bxc3 12. bxc3 Bb7 13. O-O O-O 14. a4 bxa4 15. Rxa4 Nc6 16. Nf3 d5 17. Rg4 Ne5 18. Rg3 Nxf3+ 19. gxf3 f5 20. Qh6 Qe5 21. Kh1 Qf6 22. Rxg7+ Qxg7 23. Rg1 Qxg1+ 24. Kxg1 Rae8 25. f4 Re7 26. Kf1 a5 27. c4 Rff7 28. Qh3 Bc6 29. Qg3+ Rg7 30. Qc3 h6 31. Qxa5 Ra7 32. Qd8+ Kh7 33. Bh5 dxc4 34. Qd4 Bd5 35. Ke2 Ra3 36. Kd2 Rh3 37. Be2 c3+ 38. Kc1 Rg1+ 0-1

[Event "DM G5 Grp1 2025"]
[Site "Svendborg"]
[Date "2025.04.14"]
[Round "3"]
[White "Moller, Henrik Allan"]
[Black "Hansen, Alex"]
[Result "0-1"]
[WhiteElo "1653"]
[BlackElo "1889"]
[WhiteFideId "1479199"]
[BlackFideId "1409719"]
[EventDate "2025.04.12"]
[EventType "swiss"]
[EventRounds "5"]
[EventCountry "DEN"]
[SourceTitle "Live v. Kasper Jerwiarz"]

1. Nf3 d5 2. d4 Nf6 3. Bf4 c6 4. e3 Bg4 5. Be2 e6 6. O-O Bd6 7. Bxd6 Qxd6 8. c4 dxc4 9. Bxc4 Nbd7 10. Nc3 O-O 11. Be2 Rfe8 12. Nh4 Bxe2 13. Qxe2 e5 14. dxe5 Nxe5 15. Nf3 Rad8 16. Rfd1 Nxf3+ 17. Qxf3 Qb4 18. Qe2 h6 19. a3 Qb3 20. h3 b5 21. Rac1 a6 22. Rd2 Rxd2 23. Qxd2 c5 24. Ne2 Rc8 25. Qc2 Qxc2 26. Rxc2 Kf8 27. f3 Ke7 28. e4 Ke6 29. Kf2 Kd6 30. Ke3 Kc6 31. g4 Rd8 32. Rd2 Re8 33. Nf4 a5 34. h4 c4 35. Ne2 Kc5 36. g5 hxg5 37. hxg5 Ng8 38. Nc3 Ne7 39. Nd5 Nf5+ 40. Kf4 Nd4 41. Ke3 Nb3 42. Rg2 b4 43. f4 Nd4 44. Rd2 Nb5 45. a4 Nd6 46. Nc7 Rxe4+ 47. Kf3 Re7 48. Nd5 Re1 49. Ne3 Rb1 50. Rd5+ Kc6 51. Rd2 Ra1 52. b3 c3 53. Rd5 Nb7 54. Rd4 Nc5 55. Rc4 Rb1 56. Nf5 g6 57. Nd4+ Kb6 58. f5 gxf5 59. Kf4 Nxb3 60. Nxf5 Nd2 61. Rc8 Rc1 62. Ne3 Ra1 63. Nd5+ Kb7 64. Rc7+ Kb8 65. Rxf7 c2 66. Rc7 c1=Q 0-1

[Event "DM G5 Grp1 2025"]
[Site "Svendborg"]
[Date "2025.04.14"]
[Round "3"]
[White "Jakobsen, Alex"]
[Black "Poulsen, Albert Damgaard"]
[Result "0-1"]
[WhiteElo "1671"]
[BlackElo "1843"]
[WhiteFideId "1480790"]
[BlackFideId "1478613"]
[EventDate "2025.04.12"]
[EventType "swiss"]
[EventRounds "5"]
[EventCountry "DEN"]
[SourceTitle "Live v. Kasper Jerwiarz"]

1. e4 c5 2. Nc3 Nc6 3. g3 g6 4. Bg2 Bg7 5. d3 Rb8 6. Nf3 b5 7. Ne2 d6 8. O-O Bd7 9. Rb1 Nf6 10. b3 Qa5 11. Bd2 b4 12. a4 O-O 13. Qc1 e5 14. Bh6 Nd4 15. Bxg7 Nxe2+ 16. Kh1 Nxc1 17. Bxf8 Kxf8 18. Rbxc1 Kg7 19. Nd2 Rf8 20. f4 Ng4 21. Nc4 Qc7 22. h3 Nh6 23. Ne3 f5 24. Nd5 Qd8 25. Kh2 fxe4 26. dxe4 Be6 27. Rf2 Bxd5 28. exd5 exf4 29. Rxf4 Rxf4 30. gxf4 Qh4 31. Rf1 Ng4+ 32. Kg1 Ne3 33. Rf2 Qg3 0-1

[Event "DM G5 Grp1 2025"]
[Site "Svendborg"]
[Date "2025.04.14"]
[Round "3"]
[White "Velarde, Andrew"]
[Black "Kappel, Erik"]
[Result "0-1"]
[WhiteElo "1794"]
[BlackElo "1697"]
[WhiteFideId "1435132"]
[BlackFideId "1478311"]
[EventDate "2025.04.12"]
[EventType "swiss"]
[EventRounds "5"]
[EventCountry "DEN"]
[SourceTitle "Live v. Kasper Jerwiarz"]

1. e4 c5 2. Nc3 d6 3. f4 Nc6 4. Nf3 Nf6 5. Be2 g6 6. O-O Bg7 7. a3 O-O 8. Kh1 e6 9. b4 a6 10. Rb1 b5 11. Bb2 Qc7 12. d4 cxd4 13. Nxd4 Nxd4 14. Qxd4 Bb7 15. Qe3 Rac8 16. Bf3 Nd7 17. e5 Bxf3 18. Qxf3 dxe5 19. Ne4 exf4 20. Bxg7 Kxg7 21. Rfd1 Rcd8 22. Qf2 Nb6 23. Qh4 Rxd1+ 24. Rxd1 f5 25. Nc5 Re8 26. Qe1 e5 27. Rd3 e4 28. Rd4 Qe5 29. Qd1 Re7 30. Rd6 Nc4 31. Rd5 Qc3 32. Rd7 Rxd7 33. Qxd7+ Kh6 34. Qd1 e3 35. h3 Qd2 36. Qf3 e2 37. Nd3 Ne5 38. Qf2 g5 39. Qb6+ Kh5 40. Qb7 h6 41. Qe7 e1=Q+ 42. Nxe1 Qxe1+ 43. Kh2 Nf3+ 0-1

[Event "DM G5 Grp1 2025"]
[Site "Svendborg"]
[Date "2025.04.14"]
[Round "3"]
[White "Clausen, Hans Jorgen"]
[Black "Madsen, Svend"]
[Result "0-1"]
[WhiteElo "1775"]
[BlackElo "1801"]
[WhiteFideId "1409425"]
[BlackFideId "1419846"]
[EventDate "2025.04.12"]
[EventType "swiss"]
[EventRounds "5"]
[EventCountry "DEN"]
[SourceTitle "Live v. Kasper Jerwiarz"]

1. d4 d5 2. Bf4 c5 3. Bxb8 Rxb8 4. dxc5 e5 5. e3 Qa5+ 6. c3 Qxc5 7. Nd2 Bd7 8. Be2 Nf6 9. Nb3 Qc7 10. Nf3 Bd6 11. h3 O-O 12. O-O Rfd8 13. Re1 Rbc8 14. Rc1 Qb8 15. Nh2 d4 16. cxd4 exd4 17. Ng4 Nxg4 18. Bxg4 dxe3 19. fxe3 Rxc1 20. Nxc1 Qc8 21. Bxd7 Qxd7 22. Qb3 Bc5 23. Kh1 Bb6 24. Rf1 Re8 25. Rf3 Re7 26. Ne2 Qc7 27. Qc3 Qxc3 28. Nxc3 Rxe3 29. Rxe3 Bxe3 30. Nd5 Bd4 31. b3 Kf8 32. a4 Ke8 33. g4 h6 34. Kg2 Kd7 35. Kf3 Kd6 36. Ke4 Bb2 37. b4 a6 38. Ne3 Kc6 39. Nc4 Bc3 40. b5+ axb5 41. axb5+ Kxb5 42. Nd6+ Kc6 43. Nxf7 b5 44. Nd8+ Kc5 45. Kd3 Kb4 46. Kc2 Kc4 47. Nc6 b4 48. Na5+ Kd4 49. h4 Ke4 50. Nc4 Kf4 51. g5 h5 52. Nd6 Be1 53. Ne8 g6 54. Nf6 Kg3 55. Kd3 Kxh4 56. Ne4 Kg4 57. Ke2 Bh4 0-1

[Event "DM G5 Grp1 2025"]
[Site "Svendborg"]
[Date "2025.04.14"]
[Round "3"]
[White "Hansen, Anders"]
[Black "Munch, Niels Christian"]
[Result "0-1"]
[WhiteElo "1555"]
[BlackElo "1760"]
[WhiteFideId "1711237"]
[BlackFideId "1470744"]
[EventDate "2025.04.12"]
[EventType "swiss"]
[EventRounds "5"]
[EventCountry "DEN"]
[SourceTitle "Live v. Kasper Jerwiarz"]

1. b3 d5 2. Bb2 Nf6 3. Nf3 c5 4. e3 Nc6 5. d4 e6 6. g3 cxd4 7. exd4 Be7 8. Bg2 O-O 9. O-O a5 10. a4 b6 11. Nc3 Ba6 12. Re1 Bb4 13. Ne5 Qc8 14. Re3 Ne7 15. g4 Nd7 16. Nxd7 Qxd7 17. Bf1 Bxf1 18. Qxf1 f5 19. Qe2 Rf6 20. g5 Rg6 21. f4 Bd6 22. Qf2 h6 23. h4 hxg5 24. hxg5 Kf7 25. Nb5 Nc8 26. Qf3 Na7 27. Nxd6+ Qxd6 28. c4 Rh8 29. Rc1 Rh4 30. c5 bxc5 31. dxc5 Qxf4 32. Qxf4 Rxf4 33. Rg3 Nc6 34. Rc2 d4 35. Bc1 Rg4 36. Kg2 Rxg3+ 37. Kxg3 e5 38. Kh4 Re6 39. Bd2 d3 40. Rc4 e4 41. Be3 Ne5 42. Rc1 Ng6+ 43. Kg3 f4+ 44. Bxf4 Nxf4 45. Kxf4 d2 46. Rf1 e3 47. Kg3+ Ke8 48. c6 e2 49. c7 e1=Q+ 0-1

[Event "DM G5 Grp1 2025"]
[Site "Svendborg"]
[Date "2025.04.15"]
[Round "4"]
[White "Bruntse, Kathrine Lindegaard"]
[Black "Skaelbaek, Noah"]
[Result "0-1"]
[WhiteElo "1864"]
[BlackElo "1914"]
[WhiteFideId "1472283"]
[BlackFideId "1470604"]
[EventDate "2025.04.12"]
[EventType "swiss"]
[EventRounds "5"]
[EventCountry "DEN"]
[SourceTitle "Live v. Kasper Jerwiarz"]

1. d4 Nf6 2. c4 e6 3. Nf3 c5 4. d5 b5 5. e3 exd5 6. cxb5 Be7 7. Nc3 Bb7 8. Be2 O-O 9. O-O a6 10. b3 axb5 11. Bxb5 Na6 12. Bb2 Nc7 13. Bd3 Ne6 14. Nb5 Qb6 15. Qe2 Rfc8 16. Rfc1 d6 17. h3 Nd7 18. a4 Bf6 19. Bxf6 Nxf6 20. Qd1 Ne4 21. Bxe4 dxe4 22. Qxd6 Rc6 23. Qd1 exf3 24. Qxf3 Ng5 25. Qf4 Rg6 26. Kf1 Ne6 27. Qe5 Bxg2+ 28. Ke1 h6 29. Ke2 Bc6 0-1

[Event "DM G5 Grp1 2025"]
[Site "Svendborg"]
[Date "2025.04.15"]
[Round "4"]
[White "Jacobsen, Hans Endrup"]
[Black "Laursen, Niels Norskov"]
[Result "0-1"]
[WhiteElo "1922"]
[BlackElo "2179"]
[WhiteFideId "1406841"]
[BlackFideId "1404709"]
[EventDate "2025.04.12"]
[EventType "swiss"]
[EventRounds "5"]
[EventCountry "DEN"]
[SourceTitle "Live v. Kasper Jerwiarz"]

1. e4 d6 2. d4 Nf6 3. Bd3 e5 4. Nf3 exd4 5. Nxd4 g6 6. O-O Bg7 7. Bg5 h6 8. Bh4 O-O 9. c3 c6 10. Nd2 Qc7 11. Nc4 Nbd7 12. Bg3 Ne5 13. Nxe5 dxe5 14. Nf3 Nh5 15. Bc4 Bg4 16. h3 Rad8 17. Qc2 Bxf3 18. gxf3 Qe7 19. Kh2 Bf6 20. Rad1 Kg7 21. Rxd8 Rxd8 22. Rd1 Rd7 23. Rxd7 Qxd7 24. Qd3 Qxd3 25. Bxd3 g5 26. a4 a5 27. Kg1 Kf8 28. Kf1 Ke7 29. Ke1 Ng7 30. Kd2 h5 31. Bh2 Ne6 32. Bc2 Kd6 33. Bb3 Bd8 34. Bc4 Bb6 35. Ke2 h4 36. Bb3 f6 37. Bc2 Bc5 38. Bd3 Ba7 39. Ke1 Nc5 40. Bc2 Nd7 41. Ke2 Nc5 42. Bg1 Ne6 43. Bh2 b5 44. Bb3 Nc5 45. Bc2 Nxa4 46. Bxa4 bxa4 47. Kd3 Bxf2 48. Kc4 Kc7 49. b4 Kb6 50. bxa5+ Kxa5 51. Kd3 Kb5 52. Kc2 Kc4 53. Kb2 Bc5 54. Kc2 a3 0-1

[Event "DM G5 Grp1 2025"]
[Site "Svendborg"]
[Date "2025.04.15"]
[Round "4"]
[White "Gregor, Bjarke"]
[Black "Poulsen, Albert Damgaard"]
[Result "1-0"]
[WhiteElo "2063"]
[BlackElo "1843"]
[WhiteFideId "1423401"]
[BlackFideId "1478613"]
[EventDate "2025.04.12"]
[EventType "swiss"]
[EventRounds "5"]
[EventCountry "DEN"]
[SourceTitle "Live v. Kasper Jerwiarz"]

1. e4 c5 2. Nc3 d6 3. d4 cxd4 4. Qxd4 Nc6 5. Qd2 g6 6. b3 Bh6 7. f4 e5 8. Nb5 d5 9. Qxd5 Be6 10. Qxd8+ Kxd8 11. Ba3 Bxf4 12. Rd1+ Kc8 13. Nd6+ Kc7 14. Nb5+ Kc8 15. g3 Bg5 16. Bh3 Be7 17. Bxe6+ fxe6 18. Bb2 Nf6 19. Nf3 a6 20. Nd6+ Bxd6 21. Rxd6 Kc7 22. Rxe6 Nxe4 23. Bxe5+ Nxe5 24. Rxe5 Rhe8 25. O-O b5 26. Re1 Rxe5 27. Nxe5 Nc3 28. Nd3 Kd6 29. a3 Rc8 30. b4 Nd5 31. Nc5 Nc7 32. Kg2 Ra8 33. h4 a5 34. Nb7+ 1-0

[Event "DM G5 Grp1 2025"]
[Site "Svendborg"]
[Date "2025.04.15"]
[Round "4"]
[White "Svendsen, Peter Willer"]
[Black "Mosegaard, Klaus"]
[Result "1-0"]
[WhiteElo "1867"]
[BlackElo "1871"]
[WhiteFideId "1405250"]
[BlackFideId "1441710"]
[EventDate "2025.04.12"]
[EventType "swiss"]
[EventRounds "5"]
[EventCountry "DEN"]
[SourceTitle "Live v. Kasper Jerwiarz"]

1. e4 c5 2. Nf3 e6 3. d4 cxd4 4. Nxd4 a6 5. c4 Nf6 6. Nc3 Qc7 7. Be2 Bb4 8. Qd3 Nc6 9. Nxc6 dxc6 10. O-O e5 11. Bg5 Be7 12. Qg3 h6 13. Be3 g5 14. Rfd1 Bd7 15. Bd4 Bd6 16. c5 Be7 17. Bxe5 Qa5 18. Bxf6 Bxf6 19. Rxd7 Kxd7 20. Qd6+ Ke8 21. Qxf6 Rg8 22. Bc4 Qc7 23. e5 Rd8 24. Ne4 Rg6 25. Nd6+ Kf8 26. Qh8+ Ke7 27. Nf5+ Kd7 28. Rd1+ Kc8 29. Rxd8+ Qxd8 30. Qxd8+ Kxd8 31. Bxf7 1-0

[Event "DM G5 Grp1 2025"]
[Site "Svendborg"]
[Date "2025.04.15"]
[Round "4"]
[White "Hansen, Alex"]
[Black "Jorgensen, Palle Halkier"]
[Result "1-0"]
[WhiteElo "1889"]
[BlackElo "1876"]
[WhiteFideId "1409719"]
[BlackFideId "1440276"]
[EventDate "2025.04.12"]
[EventType "swiss"]
[EventRounds "5"]
[EventCountry "DEN"]
[SourceTitle "Live v. Kasper Jerwiarz"]

1. d4 Nf6 2. Nf3 e6 3. c4 Bb4+ 4. Nbd2 d5 5. a3 Be7 6. b3 c6 7. Bb2 Nbd7 8. e3 h6 9. Bd3 O-O 10. O-O Re8 11. Ne5 Nxe5 12. dxe5 Nh7 13. Qc2 Nf8 14. f4 b6 15. Rf3 f5 16. h3 Kf7 17. g4 g6 18. Kh2 Nh7 19. Rg1 Rg8 20. Rfg3 Bh4 21. R3g2 Qe7 22. gxf5 exf5 23. Nf3 Be6 24. Nd4 Qd7 25. b4 Rac8 26. Qb3 Be7 27. a4 a6 28. Bc3 Nf8 29. Bd2 dxc4 30. Bxc4 Bd5 31. Bxd5+ Qxd5 32. Qxd5+ cxd5 33. Nxf5 Ke6 34. Nxh6 Rh8 35. Ng4 g5 36. Nf2 gxf4 37. exf4 Rc4 38. Rb1 Rh5 39. Nd1 Rd4 40. Rb2 Rd3 41. Rg3 Rd4 42. Nf2 Bh4 43. Rf3 Rc4 44. Kg2 Kf5 45. Ng4 d4 46. Nf6 Bxf6 47. exf6 Kxf6 48. Rg3 Ne6 49. Rg8 Kf5 50. Kg3 Rc7 51. Rb8 Rg7+ 52. Kh2 Rg6 53. Rxb6 Nxf4 54. Rxg6 Rxh3+ 55. Kg1 Nxg6 56. b5 axb5 57. axb5 Rh8 58. b6 Ne7 59. Bb4 Nc6 60. Bd6 Ke6 61. Bg3 Kd7 62. b7 Nb8 63. Kf2 Re8 64. Rc2 Na6 65. Rc4 d3 66. Bf4 d2 67. Bxd2 Nb8 68. Bf4 Na6 69. Kf3 Re6 70. Rc7+ Kd8 71. Rc8+ Kd7 72. Ra8 Rb6 73. Rxa6 Rxb7 74. Ke4 Rb5 75. Be5 Rb1 76. Kd5 Rb5+ 77. Ke4 Rb1 78. Rd6+ Ke7 79. Ra6 Kd7 80. Rh6 Ke7 81. Kf5 Rf1+ 82. Bf4 Kd7 83. Rd6+ Ke7 84. Rd4 Rf2 85. Rc4 Rf1 86. Rc7+ Kd8 87. Rh7 Rb1 88. Ke6 Rb6+ 89. Bd6 Kc8 90. Kd5 Ra6 91. Ke6 Rc6 92. Kd5 Ra6 93. Rc7+ Kd8 94. Ke6 Rb6 95. Rd7+ Kc8 96. Ra7 Rc6 97. Ra8+ Kb7 98. Rb8+ Ka7 99. Rb5 Ka6 100. Rb3 Rb6 101. Ra3+ Kb7 102. Kd7 Rb1 103. Rc3 Rh1 104. Rb3+ Ka7 105. Kc6 Rc1+ 106. Bc5+ Ka8 107. Rb5 Rc2 108. Kc7 Ka7 109. Kc6+ Rc1 110. Rb3+ Ka6 1-0

[Event "DM G5 Grp1 2025"]
[Site "Svendborg"]
[Date "2025.04.15"]
[Round "4"]
[White "Kappel, Erik"]
[Black "Madsen, Svend"]
[Result "0-1"]
[WhiteElo "1697"]
[BlackElo "1801"]
[WhiteFideId "1478311"]
[BlackFideId "1419846"]
[EventDate "2025.04.12"]
[EventType "swiss"]
[EventRounds "5"]
[EventCountry "DEN"]
[SourceTitle "Live v. Kasper Jerwiarz"]

1. d4 Nf6 2. c4 e5 3. dxe5 Ne4 4. a3 b6 5. Nf3 Bb7 6. g3 Bc5 7. e3 O-O 8. Bg2 Ng5 9. O-O a5 10. b3 Bxf3 11. Bxf3 Nxf3+ 12. Qxf3 Nc6 13. Bb2 Re8 14. Qd5 Qe7 15. Nd2 Nxe5 16. Bxe5 Qxe5 17. Qxe5 Rxe5 18. Nf3 Ree8 19. Rfd1 Red8 20. Ne5 Bd6 21. Nf3 Be7 22. Kg2 Kf8 23. Ne5 Ke8 24. Nf3 h6 25. a4 Bf6 26. Ra2 Kf8 27. Rad2 d6 28. Rd5 Re8 29. h4 Re4 30. Nd2 Re7 31. Nf3 Rae8 32. R5d3 Re6 33. Nd4 Bxd4 34. Rxd4 Ke7 35. Kf3 Kd7 36. Rd5 Kc6 37. R1d2 Re5 38. Rd1 R8e7 39. R1d2 Rxd5 40. Rxd5 Re5 41. Rd3 Kc5 42. Ke2 c6 43. f3 d5 44. cxd5 Rxd5 45. Rc3+ Kb4 46. Rxc6 Kxb3 47. Rxb6+ Kxa4 48. Rb7 Ka3 49. e4 Rd8 50. e5 a4 51. f4 Ka2 52. g4 a3 53. Ke3 Rd1 54. Ke4 Rb1 55. Ra7 Rb4+ 56. Kf5 g6+ 57. Kf6 Rxf4+ 58. Kg7 h5 59. gxh5 gxh5 60. Rxf7 Rg4+ 61. Kf6 Rf4+ 62. Kg6 Rg4+ 63. Kf6 Kb3 64. Rb7+ Rb4 65. Ra7 a2 66. e6 Ra4 67. Rxa4 Kxa4 68. Kf7 a1=Q 69. e7 Qf1+ 70. Ke6 Qe2+ 71. Kd7 Qd3+ 72. Ke6 Qe4+ 73. Kf7 Qf5+ 74. Ke8 Kb5 75. Kd8 Qd5+ 0-1

[Event "DM G5 Grp1 2025"]
[Site "Svendborg"]
[Date "2025.04.15"]
[Round "4"]
[White "Hansen, Jorgen Frank"]
[Black "Gregor, Jan"]
[Result "1/2-1/2"]
[WhiteElo "1802"]
[BlackElo "1711"]
[WhiteFideId "1446258"]
[BlackFideId "1435329"]
[EventDate "2025.04.12"]
[EventType "swiss"]
[EventRounds "5"]
[EventCountry "DEN"]
[SourceTitle "Live v. Kasper Jerwiarz"]

1. d4 Nf6 2. c4 g6 3. Nf3 d6 4. Nc3 Bg7 5. g3 O-O 6. Bg2 c5 7. dxc5 dxc5 8. O-O Be6 9. Qb3 Qc8 10. Ng5 Nc6 11. Nxe6 fxe6 12. Qa4 Nd4 13. e3 Nf5 14. Rd1 h5 15. Ne2 1/2-1/2

[Event "DM G5 Grp1 2025"]
[Site "Svendborg"]
[Date "2025.04.15"]
[Round "4"]
[White "Moller, Henrik Allan"]
[Black "Velarde, Andrew"]
[Result "0-1"]
[WhiteElo "1653"]
[BlackElo "1794"]
[WhiteFideId "1479199"]
[BlackFideId "1435132"]
[EventDate "2025.04.12"]
[EventType "swiss"]
[EventRounds "5"]
[EventCountry "DEN"]
[SourceTitle "Live v. Kasper Jerwiarz"]

1. Nf3 c5 2. c4 g6 3. Nc3 Bg7 4. e3 Nc6 5. Be2 e6 6. O-O Nge7 7. a3 O-O 8. d4 cxd4 9. Nxd4 a6 10. Nxc6 Nxc6 11. Qc2 b6 12. Bf3 Rb8 13. Ne4 Ne5 14. Nd2 Nxf3+ 15. Nxf3 Bb7 16. Nd2 Rc8 17. Rb1 Qh4 18. b3 Qg5 19. g3 d5 20. Bb2 e5 21. Qd1 Qe7 22. cxd5 Bxd5 23. Qe2 b5 24. b4 Rfd8 25. Rfc1 Bb7 26. Nb3 Be4 27. Rxc8 Rxc8 28. Rc1 Rd8 29. Rd1 Rd5 30. Nc5 Qd6 31. Rxd5 Qxd5 32. Nxe4 Qxe4 33. Qd2 h5 34. h4 Kh7 35. Kf1 Qh1+ 36. Ke2 Qe4 37. Kf1 Qc4+ 38. Ke1 Qe4 39. Kf1 Qf3 40. Qc2 Qd5 41. Ke2 Kh6 42. e4 Qe6 43. Bc1+ Kh7 44. Qd3 f5 45. f3 Bh6 46. Bxh6 Kxh6 47. Qd5 Qf6 48. Qg8 f4 49. gxf4 exf4 50. Kd3 Qd6+ 51. Qd5 Qf8 52. Qe6 Qd8+ 53. Ke2 Qxh4 54. Qe5 Kh7 55. Qc7+ Kg8 56. Qc8+ Kf7 57. Qxa6 Qg5 58. Qb7+ Kf8 59. Qc8+ Kg7 60. Qc3+ Qf6 61. e5 Qe6 62. Qc7+ Kh6 63. Qd6 Qc4+ 64. Qd3 Qxd3+ 65. Kxd3 Kg5 66. Ke4 h4 67. e6 Kf6 68. Kxf4 g5+ 69. Kg4 Kxe6 70. f4 h3 71. Kxh3 gxf4 72. Kg4 Ke5 73. Kf3 Kf5 74. Ke2 Ke4 75. Kf2 f3 76. Ke1 Ke3 77. Kf1 f2 78. Kg2 Ke2 0-1

[Event "DM G5 Grp1 2025"]
[Site "Svendborg"]
[Date "2025.04.15"]
[Round "4"]
[White "Munch, Niels Christian"]
[Black "Hanuscheck, Jorgen Peter"]
[Result "0-1"]
[WhiteElo "1760"]
[BlackElo "1761"]
[WhiteFideId "1470744"]
[BlackFideId "1462512"]
[EventDate "2025.04.12"]
[EventType "swiss"]
[EventRounds "5"]
[EventCountry "DEN"]
[SourceTitle "Live v. Kasper Jerwiarz"]

1. d4 e6 2. Nf3 b6 3. c4 Bb7 4. e3 Nf6 5. Bd3 d5 6. Nbd2 Be7 7. O-O O-O 8. b3 c5 9. Bb2 Nc6 10. a3 Qc7 11. Ne5 h6 12. f4 Nd7 13. cxd5 exd5 14. Rf3 Ncxe5 15. dxe5 c4 16. Bf5 c3 17. Rc1 d4 18. Rg3 Bc5 19. Qg4 g5 20. Bxc3 dxc3 21. Rxc3 Nxe5 22. fxe5 Qxe5 23. Rxc5 Qxc5 24. h4 f6 25. Kh2 Bc8 26. Be6+ Bxe6 27. Qxe6+ Kg7 28. Qg4 Rae8 29. hxg5 hxg5 30. Ne4 Rh8+ 0-1

[Event "DM G5 Grp1 2025"]
[Site "Svendborg"]
[Date "2025.04.15"]
[Round "4"]
[White "Jakobsen, Alex"]
[Black "Hansen, Anders"]
[Result "1/2-1/2"]
[WhiteElo "1671"]
[BlackElo "1555"]
[WhiteFideId "1480790"]
[BlackFideId "1711237"]
[EventDate "2025.04.12"]
[EventType "swiss"]
[EventRounds "5"]
[EventCountry "DEN"]
[SourceTitle "Live v. Kasper Jerwiarz"]

1. d4 Nf6 2. c4 e6 3. Nf3 d5 4. e3 b6 5. cxd5 exd5 6. Nc3 Be7 7. Bd3 O-O 8. O-O Bb7 9. b3 Nbd7 10. Bb2 a6 11. Rc1 Rc8 12. a4 Ne4 13. Qe2 Nb8 14. Qc2 Nf6 15. Bf5 Nbd7 16. Ne5 g6 17. Nxd7 Nxd7 18. Bh3 c5 19. dxc5 Bxc5 20. Qb1 Rc7 21. Ne2 Bd6 22. Nd4 Re8 23. Qa1 Bf8 24. g3 Nc5 25. Bg2 Nd3 26. Rxc7 Qxc7 27. Rd1 Nxb2 28. Qxb2 Rc8 29. Ne2 Bg7 30. Qb1 Qe5 31. Rd3 Rc7 32. Qd1 Rd7 33. Nf4 Qb2 34. Bxd5 Bc8 35. Bc4 Rxd3 36. Nxd3 Qf6 37. Nb4 a5 38. Nd5 Qd6 39. Qf3 Be6 40. Nf6+ Kh8 41. Qa8+ Bf8 42. Bxe6 fxe6 43. Nd7 Kg7 44. Qxf8+ Qxf8 45. Nxf8 Kxf8 46. f4 Kf7 47. Kf2 Kf6 48. e4 g5 49. Kf3 h6 50. Kg4 Kg6 51. fxg5 hxg5 52. e5 Kh6 53. h4 gxh4 54. Kxh4 Kg6 55. Kg4 Kh6 56. Kf3 Kg5 57. g4 Kg6 58. Kf4 Kh6 1/2-1/2

[Event "DM G5 Grp1 2025"]
[Site "Svendborg"]
[Date "2025.04.15"]
[Round "4"]
[White "Hansen, Allan Hallgren"]
[Black "Clausen, Hans Jorgen"]
[Result "1/2-1/2"]
[WhiteElo "1718"]
[BlackElo "1775"]
[WhiteFideId "1440888"]
[BlackFideId "1409425"]
[EventDate "2025.04.12"]
[EventType "swiss"]
[EventRounds "5"]
[EventCountry "DEN"]
[SourceTitle "Live v. Kasper Jerwiarz"]

1. d4 d5 2. c4 c6 3. Nf3 Bf5 4. e3 Bxb1 5. Rxb1 Nf6 6. Bd3 e6 7. O-O Be7 8. b3 h6 9. Bb2 O-O 10. Rc1 Nbd7 11. cxd5 cxd5 12. Qe2 a6 13. Rc2 Rc8 14. Rfc1 Rxc2 15. Qxc2 Qb8 16. h3 Nb6 17. Qc7 Nfd7 18. Qxb8 Rxb8 19. Kf1 Rc8 20. Ke2 Rxc1 21. Bxc1 f6 22. Bd2 Kf7 23. e4 dxe4 24. Bxe4 Nd5 25. Bxd5 exd5 26. Ne1 b5 27. Nd3 Bd6 28. b4 Nb8 29. a3 Nc6 30. Be3 a5 31. bxa5 Nxa5 32. Nb4 Bxb4 33. axb4 Nc6 34. Kd3 Nxb4+ 35. Kc3 Nc6 36. f3 g5 37. g4 Kg6 38. Bf2 f5 39. Bg1 h5 40. Bf2 fxg4 41. fxg4 hxg4 42. hxg4 1/2-1/2

[Event "DM G5 Grp1 2025"]
[Site "Svendborg"]
[Date "2025.04.16"]
[Round "5"]
[White "Skaelbaek, Noah"]
[Black "Laursen, Niels Norskov"]
[Result "0-1"]
[WhiteElo "1914"]
[BlackElo "2179"]
[WhiteFideId "1470604"]
[BlackFideId "1404709"]
[EventDate "2025.04.12"]
[EventType "swiss"]
[EventRounds "5"]
[EventCountry "DEN"]
[SourceTitle "Live v. Kasper Jerwiarz"]

1. e4 d6 2. d4 Nf6 3. Nc3 g6 4. Nf3 Bg7 5. Be2 O-O 6. Be3 c6 7. O-O Nbd7 8. a4 b6 9. h3 Qc7 10. Qc1 Bb7 11. Bh6 a6 12. Bxg7 Kxg7 13. Qe3 e5 14. dxe5 dxe5 15. b4 a5 16. bxa5 Rxa5 17. Nd2 Ba6 18. Ra2 Ra8 19. Rfa1 Bxe2 20. Qxe2 R5a7 21. Nb3 Nf8 22. Qc4 Ne6 23. Qb4 Rd8 24. a5 bxa5 25. Rxa5 Rb7 26. Qc4 Nd7 27. Qe2 Nd4 28. Nxd4 exd4 29. Nd1 c5 30. c3 Ne5 31. cxd4 cxd4 32. R5a2 h5 33. Rb2 Rdb8 34. Rxb7 Rxb7 35. Qd2 Qb6 36. Ra4 Rd7 37. Nb2 d3 38. Kh2 Qc7 39. f4 Qc2 40. Qxc2 dxc2 41. Ra1 Nc4 42. Rc1 Ne3 43. Nc4 Rd1 44. Nxe3 Rxc1 45. Kg3 f6 46. Kh4 Kh6 47. Kg3 h4+ 48. Kxh4 Rg1 49. Nxc2 Rxg2 50. f5 g5# 0-1